|
|
|
|
| LEADER |
00000nam1a2200000 4500 |
| 001 |
146725 |
| 005 |
20231031144740.0 |
| 035 |
|
|
|a (RuTPU)RU\TPU\book\159051
|
| 090 |
|
|
|a 146725
|
| 100 |
|
|
|a 20081101d1981 k y0rusy50 ca
|
| 101 |
0 |
|
|a rus
|
| 102 |
|
|
|a RU
|
| 200 |
1 |
|
|a Генетические модели эндогенных рудных формаций
|e тезисы докладов Всесоюзного совещания 20-22 мая 1981 г., г. Новосибирск
|e в 3 т.
|f Академия наук СССР (АН СССР), Сибирское отделение (СО), Институт геологии и геофизики (ИГиГ)
|
| 210 |
|
|
|a Новосибирск
|c Изд-во СО АН СССР
|d 1981
|
| 712 |
0 |
2 |
|a Академия наук СССР (АН СССР)
|b Сибирское отделение (СО)
|b Институт геологии и геофизики (ИГиГ)
|c (Новосибирск)
|2 stltpush
|3 (RuTPU)RU\TPU\col\128
|
| 712 |
1 |
2 |
|a Генетические модели эндогенных рудных формаций
|b тезисы докладов
|e Новосибирск
|f 1981
|
| 801 |
|
1 |
|a RU
|b 63413507
|c 20081101
|g PSBO
|
| 801 |
|
2 |
|a RU
|b 63413507
|c 20211118
|g RCR
|
| 942 |
|
|
|c BK
|